000 00340nam a2200145 i 4500
001 76434
003 ES-MaACL
005 20230906172836.0
007 t|
008 041001s1915 sp ||||1| spa d
245 0 0 _aGuía del enfermo.
260 _aMadrid :
_bPeña Cruz,
_c1915.
300 _a445 p. ;
_c19 cm.
852 _aES-MaACL
_jD-3574
999 _c76434
_d76434